| 000 | 00582nam a2200193Ia 4500 | ||
|---|---|---|---|
| 999 |
_c3224 _d3224 |
||
| 003 | OSt | ||
| 005 | 20200620185408.0 | ||
| 008 | 191128t2009 ck a gr 000 j spa d | ||
| 020 | _a9789582010409 | ||
| 040 |
_aCO-JMCR _cCO-JMCR |
||
| 041 | _aspa | ||
| 082 | 0 | 4 |
_aH / _bTONn |
| 100 | 1 |
_aTonucci, Francesco, _eautor _95895 |
|
| 245 | 1 | 4 |
_aLos niños nos miran / _cFrancesco Tonucci |
| 260 |
_aBogotá : _bCooperativa Casa Nacional del Profesor, _c©2009 |
||
| 300 |
_a95 páginas : _bilustraciones a blanco y negro ; _c17 cm. |
||
| 650 | 1 | 4 |
_aTiras cómicas _95616 |
| 942 |
_2ddc _cBK |
||